PPB - Statistics

General Stats
  • This quiz has been taken 3 times
  • The average score is 6 of 10
Answer Stats
Hint Answer % Correct
Peter minn fejn hu? Nadur
100%
Minn 1-10: Kemm għandu suf Peter? 10
67%
Kemm għanda jkollha bibien il-karozza ta' Peter? 2
67%
Liema platt ikel jobgħod Peter? għaġin
67%
X'jiekol Peter f'nofsinhar? Ikel
67%
X'inhu il-gaming nickname ta' Peter? L-iebes
67%
X'inhu l-ġelat favorit ta' Peter? (għax hu basic) Vanilla
67%
Xi ġralha id Peter? ħaraqha
33%
X'jgħid Peter meta tkun ħafna sħana? "Sħana ______" iddoqq
33%
X'inhu il-villain name ta' Peter? Paul Peter
0%
No matching quizzes found
Score Distribution
Percent of People with Each Score
Percentile by Number Answered
Your Score History
You have not taken this quiz